000 00402nam a2200157 i 4500
001 bg
100 1 _aBUDJAK, N. F.
245 0 _aAnaliz kontaktnych i provodnikovych splavov /
_cN.F. Budjak, T.A. Ekimenkova.
260 _aMoskva,
_c1975.
700 1 _aEKIMENKOVA, T. A.
040 _cBPK
041 _apol
080 _a621.315.5:543.2
942 _cKS
008 s pl f |000 0 pol
999 _c26789
_d26789
856 _uhttp://koha.tu.koszalin.pl/cgi-bin/koha/opac-detail.pl?biblionumber=26789
_yKatalog online BPK